Normal view MARC view

Entry Uniform Title

Number of records used in: 2

001 - CONTROL NUMBER

  • control field: 29033

003 - CONTROL NUMBER IDENTIFIER

  • control field: dpl

005 - DATE AND TIME OF LATEST TRANSACTION

  • control field: 20110630113402.0

008 - FIXED-LENGTH DATA ELEMENTS

  • fixed length control field: 110630|||a|||||| | ||| d

040 ## - CATALOGING SOURCE

  • Original cataloging agency: dpl
  • Transcribing agency: dpl

130 ## - HEADING--UNIFORM TITLE

  • Uniform title: Debates in Indian History and Society / edited by Sabyasachi Bhattacharya...

670 ## - SOURCE DATA FOUND

  • Source citation: Work cat.: (dpl)52713: The eighteenth century in India/, 2010.

670 ## - SOURCE DATA FOUND

  • Source citation: Work cat.: (dpl)52713: The eighteenth century in India/, 2010.

© Delhi Public Library
Hit Counter
free hit counter